000 00711nam a2200229Ia 4500
003 OSt
005 20220923220611.0
006 a|||||r|||| 00| 0
007 ta
008 220922b |||||||| |||| 00| 0 hin d
024 _a187,867
037 _cTextual
040 _aARTS
_cARTS
_bhin
041 _2hin
_ahin
082 _aV23:1:M, 152F2
100 _aवाजपेयी, लक्ष्मीधर, संपा.
_9157127
245 0 _aमराठों का उत्कर्ष
246 _aMarāṭhoan kā utkarṣha
260 _c1922
942 _hV23:1:M, 152F2
_cTEXL
_2CC
999 _c340943
_d340943